Представление документа в формате RUSMARC

ПолеНазваниеЗначение
  Тип записи a
  Библиографический уровень m
001 Контрольный номер 51a784861e584b14b69e2fe0ef98c745
005 Дата корректировки 20140701085138.5
200 Заглавие и сведения об ответственности 1_
a Заглавие Инвестиционно-строительная деятельность
e Сведения, относящиеся к заглавию Правовые основы,налогообложение, учет
f Первые сведения об ответственности Соколов Павел Анатольевич
210 Выходные данные 1_
a Место издания М.
c Издательство АиН
d Дата издания 2004
215 Физическое описание __
a Объем 117 с.
225 Серия 2_
a Серия Б-чка АиН
v Обозначение тома 1-2(55-56)2004
e Сведения, относящиеся к заглавию серии Учет, налоги, аудит
610 Ключевые слова 0_
a Ключевые слова строительство
610 Ключевые слова 0_
a Ключевые слова инвестиционная деятельность
610 Ключевые слова 0_
a Ключевые слова договора
610 Ключевые слова 0_
a Ключевые слова бухгалтерский учет
610 Ключевые слова 0_
a Ключевые слова налоги
610 Ключевые слова 0_
a Ключевые слова налогообложение
686 Индексы других классификаций __
a Классификационный индекс 65.9(2)31
2 Код системы rubbk
686 Индексы других классификаций __
a Классификационный индекс 65.9(2)-56
2 Код системы rubbk
700 Автор _1
a Фамилия Соколов Павел Анатольевич
801 Источник записи _0
a Страна RU
b Организация РУК
c Дата составления 20040415
g Правила каталогизации PSBO
801 Источник записи _1
a Страна RU
b Организация РУК
c Дата составления 20040415
g Правила каталогизации PSBO
852 Данные о местонахождении __
i Авторский знак С 59
j Шифр хранения ББК 65.9(2)31
901 Тип документа __
t Тип документа m
938 Служебная информация __
a Название организации Головной вуз
b Имя БД BOOK
c Название АИБС АИБС ИРБИС